| Tag |
First Indicator |
Second Indicator |
Subfields |
| LEADER |
00000cam a2200000 a 4500 |
| 001 |
in00000024742 |
| 005 |
20151007054402.0 |
| 008 |
860701s1987 at 00011 eng |
| 010 |
|
|
|a 86015888
|
| 020 |
|
|
|a 0702220140 (pbk.)
|
| 035 |
|
|
|a (OCoLC)13903420
|
| 035 |
|
|
|9 AAB4885AM
|
| 040 |
|
|
|a DLC
|c DLC
|d TXA
|d UtOrBLW
|
| 049 |
|
|
|a TXAM
|c [A11112590]
|
| 050 |
0 |
0 |
|a PR9619.3.S52
|b W5 1987
|
| 082 |
0 |
|
|a 823
|2 19
|
| 100 |
1 |
|
|a Skrzynecki, Peter,
|d 1945-
|
| 245 |
1 |
4 |
|a The wild dogs :
|b stories /
|c by Peter Skrzynecki.
|
| 264 |
|
1 |
|a St. Lucia ;
|a New York :
|b University of Queensland Press,
|c 1987.
|
| 300 |
|
|
|a x, 202 pages ;
|c 20 cm.
|
| 336 |
|
|
|a text
|b txt
|2 rdacontent
|
| 337 |
|
|
|a unmediated
|b n
|2 rdamedia
|
| 338 |
|
|
|a volume
|b nc
|2 rdacarrier
|
| 651 |
|
0 |
|a Australia
|x Emigration and immigration
|x Fiction.
|
| 999 |
|
|
|a MARS
|
| 999 |
f |
f |
|s d06c15c3-d7a1-38fb-8bbf-272614cfa2ea
|i 67c61c61-e5eb-39e0-91b9-f2159c10ca09
|t 0
|
| 952 |
f |
f |
|p ric
|a Texas A&M University
|b Rellis Campus
|c Joint Library Facility
|d Remote Storage
|t 0
|e PR9619.3.S52 W5 1987
|h Library of Congress classification
|i unmediated -- volume
|m A14811112590
|
| 998 |
f |
f |
|a PR9619.3.S52 W5 1987
|t 0
|l Remote Storage
|